عرض عادي عرض مارك
  • Jones, Julian Raymond

مدخل إسم شخص

عدد التسجيلات المستخدمة في: 1

001 - رقم الضبط

  • حقل الضبط: 74423

003 - معرف رقم الضبط

  • حقل الضبط: OSt

005 - تاريخ ووقت أخر عملية

  • حقل الضبط: 20190821092901.0

008 - عناصر بيانات ثابتة الطول

  • حقل تحكم ثابت الطول: 190821|| aca||aabn | a|a d

040 ## - مصدر الفهرسة

  • هيئة الفهرسة الأصلية: OSt
  • وكالة الكتابة: OSt

100 ## - مدخل -- أسم شخص

  • إسم شخص: Jones, Julian Raymond

670 ## - بيانات المصدر موجوده

  • الاستشهاد بالمصدر: Work cat.: (OSt)77184: Biomaterials, artificial organs and tissue engineering /, 2005